| 000 | 01092nam a2200289Ia 4500 | ||
|---|---|---|---|
| 008 | 130821s ck gr spa | ||
| 020 | _a9589421229 | ||
| 040 |
_aCo-BoUCM _bspa |
||
| 041 | 0 | 0 | _aspa |
| 100 |
_aCordoba Triviño, Jaime _9107537 |
||
| 245 | 0 | 0 |
_aCalidad de atención a los usuarios en las empresas de servicios domiciliarios _cJaime Córdoba Triviño |
| 250 | _a1a. ed. | ||
| 260 |
_aBogotá (Cundinamarca, Colombia) _bBiblioteca Jurídica Diké _c[fecha desconocida] |
||
| 300 | _a296 páginas | ||
| 490 | _aBiblioteca de Derechos Colectivos, 4 | ||
| 504 | _aIncluye índice y bibliografía | ||
| 610 |
_aColombia _bDefensoría del Pueblo _93392 |
||
| 630 |
_aDecreto 1842 de 1991 _95559 |
||
| 630 |
_aLey 142 de 1994 _95028 |
||
| 630 |
_aLey 143 de 1994 _95029 |
||
| 650 | 0 | 4 |
_aAdministración pública _9355 |
| 650 | 0 | 4 |
_aBienestar social _910081 |
| 650 | 0 | 4 |
_aServicios públicos domiciliarios _924341 |
| 650 | 0 | 4 |
_aServicios públicos _xLegislación _zColombia _947915 |
| 942 |
_cLIBRO _a16 _e1 _mC67 _2DEWEY _h363.6 |
||
| 999 |
_c20647 _d20647 |
||